| 000 | 01474nam a2200253Ia 4500 | ||
|---|---|---|---|
| 999 |
_c50328 _d50328 |
||
| 001 | 17269 | ||
| 003 | GE_BSU | ||
| 005 | 20200210121207.0 | ||
| 008 | 181216s2012ge xx |||||||||||||| ||geo|| | ||
| 040 | _cGE_BSU | ||
| 041 | _ageo | ||
| 080 | _a244 შ-79 | ||
| 100 |
_aშნაიდერი, ჰელმუტ. _96932 |
||
| 245 |
_aძენ-ბუდიზმის ესთეტიკა. ვაბი-საბი და მშვენიერების ევროპული იდეა = Aesthetics of Zen-Buddhizm. Wabi-Sabi and the european idea of beauty / _cჰელმუტ შნაიდერი ; გერმ. თარგმნა გიორგი თავაძემ ; რედ.-გამომც . თენგიზ ირემაძე. |
||
| 250 | _aI-ლი გამოც. | ||
| 264 |
_aთბილისი : _bნეკერი, _c2012 |
||
| 300 |
_a44 გვ.: _b + 2 ჩართ. ფ. ილ. ; _c14 სმ. |
||
| 653 | _aრელიგია | ||
| 653 | _aძენ-ბუდიზმი | ||
| 700 |
_aთავაძე, გიორგი _eმთარგმნელი _92230 |
||
| 700 |
_aირემაძე, თენგიზ _eრედაქტორ გამომცემელი _92229 |
||
| 710 |
_eგრ. რობაქიძის სახ. უნ-ტი, ფილოს. და სოციალ. მეცნ. კვლევითი ინ-ტი _96935 |
||
| 942 |
_cBK _2udc |
||